[Event "Santiago Endesa 01"]
[Site "Santiago de Chile"]
[Date "2008.04.28"]
[Round "10"]
[White "Vega Vega, Ricardo"]
[Black "Maturana Castro, Daniela"]
[Result "1-0"]
[WhiteElo "2003"]
[BlackElo "1860"]
[PlyCount "39"]
[EventDate "2008.04.07"]
[EventType "tourn"]
[EventRounds "11"]
[EventCountry "CHI"]
[SourceTitle "EXT 2012"]
[Source "ChessBase"]
[SourceDate "2011.11.24"]
[SourceVersion "1"]
[SourceVersionDate "2011.11.24"]
[SourceQuality "1"]

1. e4 e5 2. Nf3 Nc6 3. Bb5 Nf6 4. Nc3 d5 5. exd5 Nxd5 6. Nxe5 Nxc3 7. bxc3 Bd7 8. Nxd7 Qxd7 9. 0-0 0-0-0 10. d4 Qd5 11. Qe2 Bd6 12. Bc4 Qf5 13. Bd3 Qf6 14. Qg4+ Kb8 15. Bg5 h5 16. Qh4 Bxh2+ 17. Kh1 Qd6 18. Bxd8 Nxd8 19. Qxh2 Qxh2+ 20. Kxh2 1-0

[Event "Santiago Endesa 01"]
[Site "Santiago de Chile"]
[Date "2008.04.23"]
[Round "8"]
[White "Donoso, Juan"]
[Black "Maturana Castro, Daniela"]
[Result "0-1"]
[WhiteElo "1667"]
[BlackElo "1860"]
[PlyCount "78"]
[EventDate "2008.04.07"]
[EventType "tourn"]
[EventRounds "11"]
[EventCountry "CHI"]
[SourceTitle "EXT 2012"]
[Source "ChessBase"]
[SourceDate "2011.11.24"]
[SourceVersion "1"]
[SourceVersionDate "2011.11.24"]
[SourceQuality "1"]

1. e4 e5 2. Bc4 Nf6 3. d3 Nc6 4. c3 d5 5. exd5 Nxd5 6. Nf3 Be6 7. 0-0 Bc5 8. Qe2 f6 9. a3 Qd7 10. b4 Bd6 11. Bb2 Nf4 12. Qe1 Bxc4 13. dxc4 0-0 14. Nbd2 Qg4 15. g3 f5 16. Kh1 Nd3 17. Qb1 e4 18. Nh4 Qe2 19. Qc2 Nce5 20. Ng2 g5 21. c5 Nxf2+ 22. Rxf2 Qxf2 23. Rf1 Qe2 24. cxd6 Nf3 25. Rd1 e3 26. Qb3+ Rf7 27. Nxf3 Qxf3 28. Qc4 Qxd1+ 29. Ne1 Qxe1+ 30. Kg2 Qf2+ 31. Kh3 g4+ 32. Kh4 Qxh2+ 33. Kg5 h6+ 34. Kg6 Raf8 35. d7 Qd2 36. Qe6 Qxd7 37. Qxe3 f4 38. Qe4 Re7 39. Qc4+ Qe6+ 0-1